Homosexuelle in Deutschland: eine politische Geschichte
| Main Author: | |
|---|---|
| Format: | Print Book |
| Language: | German |
| Published: |
München
Beck
1989
|
| In: | Year: 1989 |
| Edition: | Originalausg. |
| Online Access: |
Table of Contents Table of Contents |
| Availability in Tübingen: | Present in Tübingen. IFK: E VIII 71 |
| Check availability: | HBZ Gateway |
| Subito Delivery Service: | Order now. |
| Keywords: |
MARC
| LEADER | 00000cam a2200000 c 4500 | ||
|---|---|---|---|
| 001 | 025150871 | ||
| 003 | DE-627 | ||
| 005 | 20260206203631.0 | ||
| 007 | tu | ||
| 008 | 890523s1989 gw ||||| 00| ||ger c | ||
| 015 | |a 88,N51,0550 |2 dnb | ||
| 015 | |a 89,A08,2183 |2 dnb | ||
| 016 | 7 | |a 881275948 |2 DE-101 | |
| 020 | |a 3406331300 |c : DM17.80 |9 3-406-33130-0 | ||
| 035 | |a (DE-627)025150871 | ||
| 035 | |a (DE-603)006033806 | ||
| 035 | |a (DE-576)016305531 | ||
| 035 | |a (DE-599)GBV025150871 | ||
| 035 | |a (OCoLC)1071480281 | ||
| 035 | |a (OCoLC)230964202 | ||
| 035 | |a (AT-OBV)AC00018441 | ||
| 035 | |a (DE-H357)his13974 | ||
| 035 | |a (DE-Rt5)1265222 | ||
| 040 | |a DE-627 |b ger |c DE-627 |e rakwb | ||
| 041 | |a ger | ||
| 044 | |c XA-DE | ||
| 050 | 0 | |a HQ76.3.G4 | |
| 082 | 0 | |a 306.76/6/0943 | |
| 082 | 0 | |a 306.7660943 |q LoC |2 DDC20oclc | |
| 084 | |a PSY 420 (50) |2 sfb | ||
| 084 | |a S 597 |2 sfb | ||
| 084 | |a 64 |a 63 |2 sdnb | ||
| 084 | |a 64 |a 63 |a 19 |a 11 |a 16 |2 sdnb | ||
| 084 | |a 1 |2 ssgn | ||
| 084 | |a BK 6600 |2 rvk |0 (DE-625)rvk/11941: | ||
| 084 | |a MS 2870 |2 rvk |0 (DE-625)rvk/123648: | ||
| 084 | |a NW 8290 |2 rvk |0 (DE-625)rvk/132312: | ||
| 084 | |a NW 7000 |2 rvk |0 (DE-625)rvk/132289: | ||
| 100 | 1 | |a Stümke, Hans-Georg |d 1941-2002 |0 (DE-588)121333612 |0 (DE-627)081237162 |0 (DE-576)292653050 |4 aut | |
| 109 | |a Stümke, Hans-Georg 1941-2002 | ||
| 245 | 1 | 0 | |a Homosexuelle in Deutschland |b eine politische Geschichte |c Hans-Georg Stümke |
| 250 | |a Originalausg. | ||
| 264 | 1 | |a München |b Beck |c 1989 | |
| 300 | |a 183 S. |b Ill., graph. Darst. |c 18 cm | ||
| 336 | |a Text |b txt |2 rdacontent | ||
| 337 | |a ohne Hilfsmittel zu benutzen |b n |2 rdamedia | ||
| 338 | |a Band |b nc |2 rdacarrier | ||
| 490 | 0 | |a Beck'sche Reihe |v 375 | |
| 500 | |a Literaturverz. S. 172 - [178] | ||
| 505 | 8 | |a Literaturverz. S. 172 - 178 | |
| 583 | 1 | |a Massenentsäuert |c 2010 |k DE-18 |2 pdager |5 DE-18-64 | |
| 583 | 1 | |a Archivierung/Langzeitarchivierung gewährleistet |f SSG |x XA-DE-BW |2 pdager |5 DE-21 | |
| 648 | 7 | |a Geschichte 1794-1988 |2 gnd | |
| 648 | 4 | |a Geschichte 1794-1988 | |
| 650 | 0 | 7 | |0 (DE-588)4025798-8 |0 (DE-627)104774800 |0 (DE-576)208962948 |a Homosexualität |2 gnd |
| 650 | 0 | 7 | |0 (DE-588)4012472-1 |0 (DE-627)106348310 |0 (DE-576)20889862X |a Diskriminierung |2 gnd |
| 651 | 7 | |0 (DE-588)4011882-4 |0 (DE-627)104704861 |0 (DE-576)208896155 |a Deutschland |2 gnd | |
| 653 | 0 | |a Homosexuality |a Germany |a History | |
| 653 | 0 | |a Gays |a Germany |a History | |
| 689 | 0 | 0 | |d g |0 (DE-588)4011882-4 |0 (DE-627)104704861 |0 (DE-576)208896155 |a Deutschland |2 gnd |
| 689 | 0 | 1 | |d s |0 (DE-588)4025798-8 |0 (DE-627)104774800 |0 (DE-576)208962948 |a Homosexualität |2 gnd |
| 689 | 0 | 2 | |d s |0 (DE-588)4012472-1 |0 (DE-627)106348310 |0 (DE-576)20889862X |a Diskriminierung |2 gnd |
| 689 | 0 | 3 | |a z |2 gnd |a Geschichte 1794-1988 |
| 689 | 0 | |5 DE-101 | |
| 689 | 1 | 0 | |d s |0 (DE-588)4025798-8 |0 (DE-627)104774800 |0 (DE-576)208962948 |a Homosexualität |2 gnd |
| 689 | 1 | 1 | |d g |0 (DE-588)4011882-4 |0 (DE-627)104704861 |0 (DE-576)208896155 |a Deutschland |2 gnd |
| 689 | 1 | 2 | |d s |0 (DE-588)4048737-4 |0 (DE-627)106189719 |0 (DE-576)20907907X |a Recht |2 gnd |
| 689 | 1 | 3 | |a z |2 gnd |a Geschichte 1871-1988 |
| 689 | 1 | |5 (DE-627) | |
| 856 | 4 | 2 | |u http://www.gbv.de/dms/mpib-toc/025150871.pdf |m V:DE-601 |m B:B-1532 |q pdf/application |v 2016-04-06 |x Verlag |y Inhaltsverzeichnis |3 Inhaltsverzeichnis |7 1 |
| 856 | 4 | 2 | |u http://scans.hebis.de/HEBCGI/show.pl?00603380_toc.pdf |m V:DE-605 |q application/pdf |3 Inhaltsverzeichnis |7 1 |
| 889 | |w (DE-627)273682121 | ||
| 935 | |a mteo | ||
| 935 | |i Blocktest | ||
| 935 | |h HEB |i 0501 | ||
| 935 | |h HEB |i 0503 | ||
| 936 | r | v | |a BK 6600 |b Keuschheit, Unkeuschheit |k Theologie und Religionswissenschaften |k Theologische Ethik/Moraltheologie |k Spezielle Moraltheologie/Spezielle Ethik |k Verantwortung für Ehe und Geschlechtsleben |k Keuschheit, Unkeuschheit |0 (DE-627)1270725599 |0 (DE-625)rvk/11941: |0 (DE-576)200725599 |
| 936 | r | v | |a MS 2870 |b Sexuelle Orientierung, Geschlechtsidentität |k Soziologie |k Spezielle Soziologien |k Soziologische Geschlechterforschung (Gender Studies) |k Sexuelle Orientierung, Geschlechtsidentität |0 (DE-627)1271082861 |0 (DE-625)rvk/123648: |0 (DE-576)201082861 |
| 936 | r | v | |a NW 8290 |b Sonstiges (Unehrliche Berufe, Leute) |k Geschichte |k Wirtschafts- und Sozialgeschichte |k Spezielle Sozialgeschichte |k Einzelne Stände und Gesellschaftsgruppen |k Sonstiges (Unehrliche Berufe, Leute) |0 (DE-627)1271460947 |0 (DE-625)rvk/132312: |0 (DE-576)201460947 |
| 936 | r | v | |a NW 7000 |b Allgemeines |k Geschichte |k Wirtschafts- und Sozialgeschichte |k Spezielle Sozialgeschichte |k Allgemeines |0 (DE-627)1271496356 |0 (DE-625)rvk/132289: |0 (DE-576)201496356 |
| 936 | s | n | |a m200 |2 mzub |
| 936 | s | n | |a n100 |2 mzub |
| 936 | s | n | |a p100 |2 mzub |
| 936 | s | n | |a c200 |2 mzub |
| 936 | s | n | |a m100 |2 mzub |
| 951 | |a BO | ||
| ELC | |b 1 | ||
| LOK | |0 000 xxxxxcx a22 zn 4500 | ||
| LOK | |0 001 329945675X | ||
| LOK | |0 003 DE-627 | ||
| LOK | |0 004 025150871 | ||
| LOK | |0 005 20140701095519 | ||
| LOK | |0 008 930628||||||||||||||||ger||||||| | ||
| LOK | |0 040 |a DE-21-110 |c DE-627 |d DE-21-110 | ||
| LOK | |0 689 |a s |a Minderheiten | ||
| LOK | |0 689 |a s |a Homosexualität | ||
| LOK | |0 852 |a DE-21-110 | ||
| LOK | |0 852 1 |c E VIII 71 |m p |9 00 | ||
| LOK | |0 935 |a k110 | ||
| LOK | |0 936ln |a 9.5.2 | ||
| LOK | |0 938 |k p | ||
| LOK | |0 939 |a 28-06-93 |b l01 | ||
| ORI | |a SA-MARC-krimdoka001.raw | ||
| SIG | |a IFK: E VIII 71 | ||
| TIM | |a 100017940101_100019881231 |b Geschichte 1794-1988 | ||
